Textbook Of Hydraulic Machines (Record no. 133028)

MARC details
000 -LEADER
fixed length control field 00490nam a2200169Ia 4500
008 - FIXED-LENGTH DATA ELEMENTS--GENERAL INFORMATION
fixed length control field 230312s9999 xx 000 0 und d
041 ## - LANGUAGE CODE
Language code of text/sound track or separate title eng
082 ## - DEWEY DECIMAL CLASSIFICATION NUMBER
Classification number 620.106
Item number 620.106 RAJ
100 ## - MAIN ENTRY--PERSONAL NAME
Personal name Rajput R.K.
9 (RLIN) 137180
245 ## - TITLE STATEMENT
Title Textbook Of Hydraulic Machines
Remainder of title Fluid Mechanics And Hydraulic Machines, Part-II
260 ## - PUBLICATION, DISTRIBUTION, ETC. (IMPRINT)
Date of publication, distribution, etc. 2010
Name of publisher, distributor, etc. S. Chand And Company
300 ## - PHYSICAL DESCRIPTION
Extent 1003 to 1373
365 ## - TRADE PRICE
Currency code Rs.
Price amount 175.00
710 ## - ADDED ENTRY--CORPORATE NAME
Corporate name or jurisdiction name as entry element Rajput R.K.
9 (RLIN) 137181
906 ## - LOCAL DATA ELEMENT F, LDF (RLIN)
b 262.5

No items available.